Geografia nos dias de hoje (Record no. 64319)

MARC details
000 -LÍDER
campo de controle de tamanho fixo 00354 a2200157 4500
001 - NÚMERO DE CONTROLE
campo de controle 64319
020 ## - ISBN - INTERNATIONAL STANDARD BOOK NUMBER
ISBN - International Standard Book Number 9788581810768
040 ## - FONTE DA CATALOGAÇÃO
Instituição que transcreveu o registro Anchieta - Pituba
100 ## - ENTRADA PRINCIPAL--NOME PESSOAL
Nome pessoal Ortega, Ligia
240 10 - TÍTULO UNIFORME
Título uniforme Geografia nos dias de hoje
Idioma da obra por
245 10 - TÍTULO
Título Geografia nos dias de hoje
300 ## - DESCRIÇÃO FÍSICA
Extensão 288
362 0# - DATAS DE PUBLICAÇÃO E/OU DESIGNAÇÃO SEQUENCIAL
Datas de publicação e/ou designação sequencial 2012
650 #4 - ASSUNTO--TERMO TÓPICO
Cabeçalho tópico ou nome geográfico Geografia e viagens
942 ## - ELEMENTOS DE ENTRADA ADICIONADOS (KOHA)
Tipo de material Koha Livros
Holdings
Situação do descarte Situação das perdas Situação física Não pode ser emprestado Biblioteca de origem Biblioteca atual Data de aquisição Total de empréstimos Número de chamada completo Código de barras Data de último acesso Data do preço efetivo Tipo de material Koha
        Colégio Anchieta - Pituba Colégio Anchieta - Pituba 21/11/2023   910 G435g GIA GEO 18465/PIT 21/11/2023 21/11/2023 Livros